Comuni della Calabria - Quiz n°2 - Statistics

Statistiche generali
  • Questo quiz è stato fatto 8 volte
  • Il punteggio medio è 52 su 177
Statistiche sulle risposte
Provincia Comune % Corretto
Cosenza
88%
Castrovillari
75%
Paola
75%
Rende
63%
Aieta
50%
Altomonte
50%
Amantea
50%
Bianchi
50%
Bocchigliero
50%
Bonifati
50%
Cassano all'Ionio
50%
Castrolibero
50%
Cirò
50%
Cirò Marina
50%
Corigliano-Rossano
50%
Crotone
50%
Laino Borgo
50%
Laino Castello
50%
Montalto Uffugo
50%
Nocara
50%
Praia a Mare
50%
Rose
50%
Roseto Capo Spulico
50%
Scalea
50%
Tarsia
50%
Trebisacce
50%
Cosenza Acquaformosa
38%
Acquappesa
38%
Aiello Calabro
38%
Albidona
38%
Alessandria del Carretto
38%
Altilia
38%
Amendolara
38%
Aprigliano
38%
Belvedere Marittimo
38%
Bisignano
38%
Cariati
38%
Carpanzano
38%
Casali del Manco
38%
Castiglione Cosentino
38%
Castroregio
38%
Celico
38%
Cellara
38%
Cutro
38%
Diamante
38%
Dipignano
38%
Domanico
38%
Fiumefreddo Bruzio
38%
Cosenza Grisolia
38%
Isola di Capo Rizzuto
38%
Longobardi
38%
Longobucco
38%
Luzzi
38%
Marano Marchesato
38%
Marano Principato
38%
Mendicino
38%
Orsomarso
38%
Panettieri
38%
Papasidero
38%
Pietrafitta
38%
Rocca Imperiale
38%
Roggiano Gravina
38%
Rogliano
38%
Rovito
38%
San Giovanni in Fiore
38%
San Lorenzo Bellizzi
38%
San Lorenzo del Vallo
38%
Cosenza San Lucido
38%
San Martino di Finita
38%
Santa Caterina Albanese
38%
Santa Sofia d'Epiro
38%
Santo Stefano di Rogliano
38%
Savelli
38%
Spezzano della Sila
38%
Tortora
38%
Zumpano
38%
Acri
25%
Belmonte Calabro
25%
Belsito
25%
Buonvicino
25%
Caccuri
25%
Campana
25%
Canna
25%
Carfizzi
25%
Carolei
25%
Cerchiara di Calabria
25%
Cerisano
25%
Cervicati
25%
Cerzeto
25%
Cetraro
25%
Civita
25%
Cleto
25%
Cotronei
25%
Cropalati
25%
Crosia
25%
Falconara Albanese
25%
Figline Vegliaturo
25%
Firmo
25%
Frascineto
25%
Grimaldi
25%
Guardia Piemontese
25%
Lago
25%
Lungro
25%
Maierà
25%
Malvito
25%
Mandatoriccio
25%
Melissa
25%
Mesoraca
25%
Mongrassano
25%
Montegiordano
25%
Morano Calabro
25%
Mormanno
25%
Parenti
25%
Paterno Calabro
25%
Pedivigliano
25%
Pietrapaola
25%
Rota Greca
25%
San Benedetto Ullano
25%
San Cosmo Albanese
25%
San Demetrio Corone
25%
San Donato di Ninea
25%
San Fili
25%
San Giorgio Albanese
25%
San Nicola Arcella
25%
San Pietro in Amantea
25%
San Pietro in Guarano
25%
Santa Domenica Talao
25%
Sant'Agata di Esaro
25%
Santa Maria del Cedro
25%
Santa Severina
25%
San Vincenzo La Costa
25%
Scala Coeli
25%
Scigliano
25%
Spezzano Albanese
25%
Strongoli
25%
Vaccarizzo Albanese
25%
Villapiana
25%
Crotone Belvedere di Spinello
13%
Calopezzati
13%
Calovero
13%
Castelsilano
13%
Colosimi
13%
Crucoli
13%
Fagnano Castello
13%
Francavilla Marittima
13%
Lappano
13%
Lattarico
13%
Marzi
13%
Mottafollone
13%
Oriolo
13%
Pallagorio
13%
Paludi
13%
Petilia Policastro
13%
Roccabernarda
13%
Rocca di Neto
13%
San Basile
13%
Sangineto
13%
San Mauro Marchesato
13%
San Nicoladell'Alto
13%
San Sosti
13%
Saracena
13%
Serra d'Aiello
13%
Terravecchia
13%
Torano Castello
13%
Umbriatico
13%
Verbicaro
13%
Verzino
13%
Casabona
0%
Crenzia
0%
Fusclado
0%
Malito
0%
Mangone
0%
Piane Crati
0%
Plataci
0%
San Marco Argentiano
0%
Scandale
0%
Terranoca da Sibari
0%
Nessun quiz corrispondente trovato
Distribuzione punteggi
Percentuale di utenti per punteggio
Percentile per numero di risposta
I tuoi punteggi nel tempo
Non hai fatto questo quiz